000 00928nam a22002057a 4500
005 20250107145652.0
010 _aHIN-129177
020 _a9788190555500
_c495.00
035 _aHN-101523
037 _bDBAD
082 _a3982.2
100 _aगुप्ता, सरोज
_976018
245 _aलोक साहित्य और वैश्वीकरण /
_cसरोज गुप्ता और संगीता सुहाने द्वारा संपादित
250 _aप्रथम
260 _aइलाबाद
_bअनुभूति पब्लिशर्स
_c2016
270 _a52,तुलारामबाग
_bइलाहबाद
_e211006
_k9827514447
_mvinodshukla185@gmail.com
300 _a166 पृ.
_c22सेमी (सजिल्द)
700 _aसुहाने, संगीता
_975969
942 _2ddc
_cHN
_h398.2
_mलोकसा
999 _c208123
_d208123